[Event "ITA-ch U16"]
[Site "Courmayeur"]
[Date "2009.07.05"]
[Round "9"]
[White "Fiorentini, Paolo"]
[Black "Rossetti, Alberto"]
[Result "1/2-1/2"]
[WhiteElo "1973"]
[BlackElo "1900"]
[PlyCount "124"]
[EventDate "2009.06.29"]
[EventType "swiss"]
[EventRounds "9"]
[EventCountry "ITA"]
[SourceTitle "EXT 2012"]
[Source "ChessBase"]
[SourceDate "2011.11.24"]
[SourceVersion "1"]
[SourceVersionDate "2011.11.24"]
[SourceQuality "1"]

1. e4 c6 2. d3 d5 3. Nd2 e5 4. Ngf3 Bd6 5. g3 Nf6 6. Bg2 0-0 7. 0-0 Qc7 8. Re1 h6 9. h3 Be6 10. Qe2 d4 11. Nf1 Nfd7 12. g4 c5 13. b3 Nc6 14. Ng3 b5 15. Nf5 Nb6 16. N3h4 c4 17. dxc4 bxc4 18. Qf3 Be7 19. Bf1 Bxh4 20. Nxh4 cxb3 21. cxb3 Nb4 22. Ba3 a5 23. Rec1 Qd7 24. Nf5 Rfc8 25. Qd1 Rxc1 26. Bxc1 a4 27. Bd2 Na6 28. Ba5 Nc8 29. b4 Nd6 30. Nxd6 Qxd6 31. Qxa4 h5 32. gxh5 Qe7 33. Qa3 Qg5+ 34. Qg3 Qxg3+ 35. fxg3 Nc5 36. Bc7 Nxe4 37. Bxe5 Rxa2 38. Rxa2 Bxa2 39. Bd3 Bd5 40. Bxe4 Bxe4 41. Bxd4 Kh7 42. g4 f5 43. Be3 fxg4 44. hxg4 Bf3 45. g5 Bxh5 46. Kf2 Be8 47. Kg3 Kg6 48. Kf4 Kf7 49. Ke5 Ke7 50. Bc5+ Kd7 51. Bf8 g6 52. Kf6 Kc7 53. Bc5 Kb7 54. Be3 Ka6 55. Bc5 Kb5 56. Bf8 Ka6 57. Ke7 Bb5 58. Kd6 Bd3 59. Kc6 Be4+ 60. Kc5 Kb7 61. b5 Bf5 62. b6 Bb1 1/2-1/2

[Event "ITA-ch U16"]
[Site "Courmayeur"]
[Date "2009.07.04"]
[Round "8"]
[White "Rossetti, Alberto"]
[Black "Dappiano, Andrea"]
[Result "1/2-1/2"]
[WhiteElo "1900"]
[BlackElo "1927"]
[PlyCount "90"]
[EventDate "2009.06.29"]
[EventType "swiss"]
[EventRounds "9"]
[EventCountry "ITA"]
[SourceTitle "EXT 2012"]
[Source "ChessBase"]
[SourceDate "2011.11.24"]
[SourceVersion "1"]
[SourceVersionDate "2011.11.24"]
[SourceQuality "1"]

1. e4 e6 2. d4 d5 3. e5 c5 4. c3 Nc6 5. Nf3 Qb6 6. a3 Nh6 7. b4 cxd4 8. cxd4 Nf5 9. Be3 f6 10. exf6 gxf6 11. Bd3 Nxe3 12. fxe3 e5 13. b5 e4 14. bxc6 bxc6 15. 0-0 exd3 16. Nh4 Be7 17. Qh5+ Kd8 18. Ng6 Bg4 19. Qh4 Be2 20. Rxf6 hxg6 21. Rd6+ Kc8 22. Qxe7 Rd8 23. Rxg6 Qc7 24. Qe6+ Kb7 25. Nc3 Rac8 26. Rb1+ Ka8 27. Nxe2 dxe2 28. Qg4 Rb8 29. Re1 Rb2 30. Rg8 Rxg8 31. Qxg8+ Kb7 32. Qg4 Qa5 33. Rxe2 Rxe2 34. Qxe2 Qxa3 35. h4 a5 36. h5 Qd6 37. g4 a4 38. Kg2 a3 39. g5 Qb4 40. g6 Qb2 41. Qxb2+ axb2 42. g7 b1Q 43. g8Q Qe4+ 44. Kf2 Qh4+ 45. Qg3 Qxh5 1/2-1/2

[Event "ITA-ch U16"]
[Site "Courmayeur"]
[Date "2009.07.02"]
[Round "5"]
[White "Rossetti, Alberto"]
[Black "Cantoro, Daniele"]
[Result "1-0"]
[WhiteElo "1900"]
[BlackElo "1915"]
[PlyCount "129"]
[EventDate "2009.06.29"]
[EventType "swiss"]
[EventRounds "9"]
[EventCountry "ITA"]
[SourceTitle "EXT 2012"]
[Source "ChessBase"]
[SourceDate "2011.11.24"]
[SourceVersion "1"]
[SourceVersionDate "2011.11.24"]
[SourceQuality "1"]

1. e4 c5 2. Nf3 Nc6 3. d4 cxd4 4. Nxd4 Nf6 5. Nc3 e5 6. Ndb5 d6 7. Bg5 a6 8. Na3 b5 9. Nd5 Be7 10. Bxf6 Bxf6 11. c3 0-0 12. Nc2 Bg5 13. a4 bxa4 14. Rxa4 a5 15. Bc4 Rb8 16. b3 Kh8 17. 0-0 f5 18. exf5 Bxf5 19. Nce3 Be6 20. b4 Bxe3 21. Nxe3 Bxc4 22. Nxc4 axb4 23. Qd5 Ne7 24. Qxd6 Qxd6 25. Nxd6 bxc3 26. Rc4 Nd5 27. Rd1 Nf4 28. Kf1 Rb2 29. Rxc3 Ne2 30. Rc8 Rxc8 31. Nxc8 Nd4 32. Nd6 Kg8 33. Nc4 Rb5 34. Nxe5 Rxe5 35. Rxd4 Kf7 36. Rd6 Ra5 37. g3 Ra2 38. h4 h5 39. Kg2 g6 40. Kf3 Rb2 41. Ke3 Ra2 42. f3 Kg7 43. Ke4 Rg2 44. Kf4 Ra2 45. Rd5 Kf6 46. Rd6+ Kg7 47. Rd4 Ra1 48. g4 hxg4 49. fxg4 Ra5 50. Re4 Kf6 51. Rb4 Rc5 52. Rb6+ Kg7 53. Re6 Kh6 54. h5 Rc4+ 55. Kf3 Rc3+ 56. Ke2 Kg5 57. Rxg6+ Kf4 58. g5 Kf5 59. Rg7 Rg3 60. h6 Rh3 61. h7 Ke6 62. g6 Kf6 63. Rg8 Rh2+ 64. Kf3 Rh3+ 65. Kg4 1-0

[Event "ITA-ch U16"]
[Site "Courmayeur"]
[Date "2009.06.30"]
[Round "3"]
[White "Rossetti, Alberto"]
[Black "Fiducioso, Marco"]
[Result "1/2-1/2"]
[WhiteElo "1900"]
[BlackElo "2124"]
[PlyCount "67"]
[EventDate "2009.06.29"]
[EventType "swiss"]
[EventRounds "9"]
[EventCountry "ITA"]
[SourceTitle "EXT 2012"]
[Source "ChessBase"]
[SourceDate "2011.11.24"]
[SourceVersion "1"]
[SourceVersionDate "2011.11.24"]
[SourceQuality "1"]

1. e4 e6 2. d4 d5 3. e5 c5 4. c3 Nc6 5. Nf3 Bd7 6. a3 f6 7. b4 cxd4 8. cxd4 fxe5 9. Nxe5 Nf6 10. Bg5 Bd6 11. Nxc6 bxc6 12. Bd3 0-0 13. 0-0 e5 14. Nd2 h6 15. Bh4 e4 16. Be2 Qc7 17. Bg3 Bxg3 18. fxg3 Rae8 19. Rc1 Qd6 20. Nb3 Re7 21. Nc5 Be8 22. Bg4 Bg6 23. Rc3 e3 24. Re1 Nxg4 25. Qxg4 Qf6 26. Qf4 Qxf4 27. gxf4 Rxf4 28. Rcxe3 Rxe3 29. Rxe3 Rxd4 30. Re6 Be4 31. Nxe4 dxe4 32. Rxc6 e3 33. Kf1 Rd1+ 34. Ke2 1/2-1/2

[Event "Bratto op-B 28th"]
[Site "Bratto"]
[Date "2008.08.26"]
[Round "4"]
[White "Rossetti, Alberto"]
[Black "Sala, Giovanni"]
[Result "0-1"]
[WhiteElo "1689"]
[BlackElo "1970"]
[PlyCount "90"]
[EventDate "2008.08.23"]
[EventType "swiss"]
[EventRounds "9"]
[EventCountry "ITA"]
[SourceTitle "EXT 2011"]
[Source "ChessBase"]
[SourceDate "2010.11.26"]
[SourceVersion "1"]
[SourceVersionDate "2010.11.26"]
[SourceQuality "1"]

1. e4 c5 2. Nf3 d6 3. d4 cxd4 4. Nxd4 Nf6 5. Nc3 a6 6. f3 Qb6 7. Nb3 e6 8. Qe2 Qc7 9. Be3 b5 10. Qd2 Nbd7 11. 0-0-0 b4 12. Ne2 Rb8 13. g4 Ne5 14. Ned4 Bb7 15. g5 Nfd7 16. h4 Be7 17. h5 Nc5 18. Rg1 g6 19. hxg6 hxg6 20. Be2 d5 21. Nxc5 Bxc5 22. Nb3 Bxe3 23. Qxe3 Rc8 24. Rd2 Nc4 25. Bxc4 dxc4 26. Nd4 c3 27. Rd3 cxb2+ 28. Kxb2 e5 29. Nb3 Qxc2+ 30. Ka1 Rh2 31. Rd2 Rxd2 32. Qxd2 Qxd2 33. Nxd2 Rc3 34. Kb2 Bc6 35. Rc1 Rxc1 36. Kxc1 Ke7 37. Kb2 Ba4 38. Nc4 Ke6 39. Kc1 Bb5 40. Nd2 Kd6 41. Kd1 Kc5 42. Nb3+ Kb6 43. Kd2 Bc4 44. Ke3 a5 45. f4 a4 0-1

[Event "Bratto op-B 28th"]
[Site "Bratto"]
[Date "2008.08.23"]
[Round "1"]
[White "Rossetti, Alberto"]
[Black "Calcagno, Stefano"]
[Result "1/2-1/2"]
[WhiteElo "1689"]
[BlackElo "1861"]
[PlyCount "37"]
[EventDate "2008.08.23"]
[EventType "swiss"]
[EventRounds "9"]
[EventCountry "ITA"]
[SourceTitle "EXT 2011"]
[Source "ChessBase"]
[SourceDate "2010.11.26"]
[SourceVersion "1"]
[SourceVersionDate "2010.11.26"]
[SourceQuality "1"]

1. e4 c5 2. Nf3 a6 3. d4 cxd4 4. Nxd4 e5 5. Nf3 Nf6 6. Nc3 Bb4 7. Bd3 d5 8. Qe2 Bxc3+ 9. bxc3 0-0 10. 0-0 Qc7 11. exd5 e4 12. Bxe4 Re8 13. Nd2 Ng4 14. Nf3 Bf5 15. d6 Qxd6 16. Qd3 Qxd3 17. Bxd3 Bxd3 18. cxd3 Nc6 19. Bf4 1/2-1/2